Las tumbas de Machu Picchu : (Record no. 21528)

000 -CABECERA
fixed length control field 01311nam a22003137a 4500
003 - IDENTIFICADOR DEL NÚMERO DE CONTROL
control field AR-CdUCM
008 - DATOS DE LONGITUD FIJA--INFORMACIÓN GENERAL
fixed length control field 190220b ||||| |||| 00| 0 spa d
020 ## - NÚMERO INTERNACIONAL ESTÁNDAR DEL LIBRO
ISBN 9786124146152
040 ## - FUENTE DE LA CATALOGACIÓN
Agencia/entidad que catalogó originalmente la obra MUNICIPALIDAD PROVINCIAL DEL CUSCO
Entidad que transcribió la catalogación BIBLIOTECA MUNICIPAL DEL CUSCO
082 ## - NÚMERO DE LA CLASIFICACIÓN DECIMAL DEWEY
No. de Clasificación 985.612/M1H
Notacion interna M1H
100 ## - ENTRADA PRINCIPAL--NOMBRE DE PERSONA
Nombre Personal Heaney, Christopher
245 ## - MENCIÓN DE TÍTULO
Título Las tumbas de Machu Picchu :
Resto del título la historia de Hiram Bingham y la búsqueda de las últimas ciudades de los incas /
Mención de responsabilidad Christopher Heaney ; traducción por Jorge Bayona Matsuda
260 ## - PUBLICACIÓN, DISTRIBUCIÓN, ETC.
Lugar de publicación, distribución, etc. Lima.
Nombre de la editorial, distribuidor, etc. Pontificia Universidad Católica del Perú,
Fecha de publicación, distribución, etc. 2017.
300 ## - DESCRIPCIÓN FÍSICA
Nº de Páginas Extensión 335 páginas. :
Otros detalles físicos ilustraciones, mapas, retratos ;
Dimensiones 24 cm.
500 ## - NOTA GENERAL
Bibliografía Bibliografía: p. [323]-335.
650 ## - PUNTO DE ACCESO ADICIONAL DE MATERIA--TÉRMINO DE MATERIA
Descriptor Bingham, Hiram
9 (RLIN) 45252
650 ## - PUNTO DE ACCESO ADICIONAL DE MATERIA--TÉRMINO DE MATERIA
Descriptor Incas
9 (RLIN) 303
650 ## - PUNTO DE ACCESO ADICIONAL DE MATERIA--TÉRMINO DE MATERIA
Descriptor Inkas
9 (RLIN) 1899
650 ## - PUNTO DE ACCESO ADICIONAL DE MATERIA--TÉRMINO DE MATERIA
Descriptor Antigüedades
9 (RLIN) 30188
650 ## - PUNTO DE ACCESO ADICIONAL DE MATERIA--TÉRMINO DE MATERIA
Descriptor Patrimonio cultural
9 (RLIN) 3805
650 ## - PUNTO DE ACCESO ADICIONAL DE MATERIA--TÉRMINO DE MATERIA
Descriptor Historia
9 (RLIN) 45253
650 ## - PUNTO DE ACCESO ADICIONAL DE MATERIA--TÉRMINO DE MATERIA
Descriptor Santuario Histórico de Machu Picchu
9 (RLIN) 6214
650 ## - PUNTO DE ACCESO ADICIONAL DE MATERIA--TÉRMINO DE MATERIA
Descriptor Cusco
9 (RLIN) 772
650 ## - PUNTO DE ACCESO ADICIONAL DE MATERIA--TÉRMINO DE MATERIA
Descriptor Perú
9 (RLIN) 45250
700 ## - PUNTO DE ACCESO ADICIONAL--NOMBRE DE PERSONA
Nombre Personal Bayona Matsuda, Jorge (traductor)
9 (RLIN) 45254
710 ## - PUNTO DE ACCESO ADICIONAL--NOMBRE DE ENTIDAD CORPORATIVA
Nombre corporativo (En letras Mayúsculas) Pontificia Universidad Católica del Perú
9 (RLIN) 400
942 ## - ELEMENTOS DE PUNTO DE ACCESO ADICIONAL (KOHA)
Fuente de clasificación
Tipo de item Libros-BMC
945 ## - PROCESAMIENTO DE INFORMACIÓN LOCAL (OCLC)
Catalogador Roel
Holdings
Estado de retiro (separado) Fuente de clasificación o esquema de estanterías Estado dañado Ubicación Sala donde se ubica Nombre de la colección Fecha de adquisición o compra Fuente de adquisición Costo, precio normal en soles Signatura topográfica Código de Barras Última vez visto (Koha) Tipo de ítem (Koha)
No     Sala Humanidades Sala Humanidades Book Cart 2020-09-22 Compra 50.00 985.612/M1H SH0000015943 2020-09-22 Libros-BMC
No     Sala Humanidades Sala Humanidades Book Cart 2020-09-22 Compra 50.00 985.612/M1H/e.2 SH0000015944 2020-09-22 Libros-BMC

Powered by Koha